LEADER 02735 am 2200457 n 450 001 9910256648803321 005 20171117 010 $a2-87854-868-X 035 $a(CKB)4100000001948647 035 $a(FrMaCLE)OB-psn-4589 035 $a(oapen)https://directory.doabooks.org/handle/20.500.12854/55767 035 $a(PPN)22522805X 035 $a(EXLCZ)994100000001948647 100 $a20180202j|||||||| ||| 0 101 0 $afre 135 $auu||||||m|||| 181 $ctxt$2rdacontent 182 $cc$2rdamedia 183 $acr$2rdacarrier 200 13$aUn pasteur républicain au XIXe siècle : Lettres de Jules Steeg à Maurice Schwalb 1851-1898 / 210 $aParis $cPresses Sorbonne Nouvelle$d2017 215 $a1 online resource (472 p.) 311 $a2-87854-047-6 330 $aFils d'un cordonnier immigré d'Allemagne, dix-huit ans pasteur protestant, vingt ans journaliste et imprimeur, huit ans député républicain et enfin inspecteur général de l'enseignement primaire et directeur de l'Ecole Normale supérieure d'institutrices de Fontenay-aux-Roses, l'auteur de ces lettres consacra sa vie à trois combats: celui du libéralisme religieux dans le protestantisme, celui de la démocratie et de la République dans son canton de la Gironde, celui enfin, avec ses amis Ferdinand Buisson et Félix Pécaut, de l'enseignement primaire. Chaque mois, pendant cette deuxième moitié du dix-neuvième siècle, il écrivait à un ami d'enfance, pasteur lui aussi. Il lui raconte ses joies et ses peines de famille (il eut sept enfants), ses idées et ses réflexions religieuses et politiques, et tout ce combat quotidien pour son idéal libéral et républicain. Ce demi-siècle de correspondance, ici présenté avec une annotation complète, est un riche et vivant témoignage sur une époque qui fut politiquement créatrice et sur un homme qui fut homme de bien, et nous avons plus à y apprendre qu'on ne l'imagine peut-être. 517 $aUn pasteur républicain au XIXe siècle 517 $aUn pasteur républicain au XIXe siècle 517 $aUn pasteur républicain au XIXe siècle  606 $aProtestant churches$zFrance$xClergy$xCorrespondence 610 $arépublicains 610 $acorrespondance 610 $aprotestantisme 610 $aenseignement primaire 615 0$aProtestant churches$xClergy$xCorrespondence. 700 $aSteeg$b Jules$01281802 701 $aSchwalb$b Maurice$f1833-1903.$01234757 701 $aCarrive$b Lucien$0453362 801 0$bFR-FrMaCLE 906 $aBOOK 912 $a9910256648803321 996 $aUn pasteur républicain au XIXe siècle : Lettres de Jules Steeg à Maurice Schwalb 1851-1898$93018613 997 $aUNINA LEADER 05068nam 22011895 450 001 9910791888203321 005 20210111225112.0 010 $a1-283-27725-5 010 $a9786613277251 010 $a0-520-94731-2 024 7 $a10.1525/9780520947313 035 $a(CKB)2560000000058754 035 $a(EBL)656353 035 $a(OCoLC)703138055 035 $a(SSID)ssj0000469144 035 $a(PQKBManifestationID)11335226 035 $a(PQKBTitleCode)TC0000469144 035 $a(PQKBWorkID)10511119 035 $a(PQKB)10904645 035 $a(DE-B1597)519427 035 $a(OCoLC)704274152 035 $a(DE-B1597)9780520947313 035 $a(MiAaPQ)EBC656353 035 $a(EXLCZ)992560000000058754 100 $a20200424h20112011 fg 101 0 $aeng 135 $aur|n|---||||| 181 $ctxt 182 $cc 183 $acr 200 10$aField Guide to Marine Mammals of the Pacific Coast $eBaja, California, Oregon, Washington, British Columbia /$fSarah G. Allen, Joe Mortenson, Sophie Webb 210 1$aBerkeley, CA : $cUniversity of California Press, $d[2011] 210 4$d©2011 215 $a1 online resource (585 p.) 225 0 $aCalifornia Natural History Guides ;$v100 300 $aDescription based upon print version of record. 311 $a0-520-26544-0 327 $tFrontmatter -- $tCONTENTS -- $tACKNOWLEDGMENTS -- $tMARINE HABITAT PLATES -- $tINTRODUCTION -- $tSPECIES PLATES -- $tCETACEANS -- $tCARNIVORES -- $tGLOSSARY -- $tREFERENCES AND FURTHER READING -- $tART CREDITS -- $tINDEX 330 $aFrom gray whales giving birth in the lagoons of Baja California to sea otters nestled in kelp beds off California to killer whales living around Vancouver Island-this spectacular stretch of the Pacific Coast boasts one of the most abundant populations of sea mammals on earth. This handy interpretive field guide describes the 45 whales, dolphins, seals, and otters that are resident in, migrate through, or forage from Baja in Mexico to British Columbia in Canada. The guide's rich species accounts provide details on identification, natural history, distribution, and conservation. They also tell where and how these fascinating animals can best be viewed. Introductory chapters give general information on the ecology, evolution, and taxonomy of marine mammals; on the Pacific Coast's unique environment; and on the relationship between marine mammals and humans from native cultures to today. Featuring many color illustrations, photographs, drawings, and maps, this up-to-date guide illuminates a fascinating group of animals and reveals much about their mysterious lives in the ocean. 410 0$aCalifornia Natural History Guides 606 $aMarine mammals - Pacific Coast (North America) 606 $aMarine mammals -- Pacific Coast (North America) 606 $aMarine mammals -- Pacific Coast (North America) -- Identification 606 $aMarine mammals$zPacific Coast (North America)$vIdentification 606 $aMarine mammals$zPacific Coast (North America) 606 $aZoology$2HILCC 606 $aHealth & Biological Sciences$2HILCC 606 $aVertebrates$2HILCC 610 $aamerica. 610 $abaja. 610 $abritish columbia. 610 $acalifornia. 610 $acanada. 610 $aconservation. 610 $adolphins. 610 $aecology. 610 $aevolution. 610 $afield guide. 610 $agray whales. 610 $akelp beds. 610 $akiller whales. 610 $amarine biologists. 610 $amarine biology. 610 $amarine mammals. 610 $amexico. 610 $amigration. 610 $anatural history. 610 $anatural sciences. 610 $anonfiction. 610 $aoregon. 610 $apacific coast. 610 $apacific ocean. 610 $asea mammals. 610 $asea otters. 610 $aseals. 610 $aspecies distribution. 610 $aspecies identification. 610 $ataxonomy. 610 $avancouver island. 610 $awashington. 610 $awhale species. 610 $azoologists. 610 $azoology. 615 4$aMarine mammals - Pacific Coast (North America). 615 4$aMarine mammals -- Pacific Coast (North America). 615 4$aMarine mammals -- Pacific Coast (North America) -- Identification. 615 0$aMarine mammals 615 0$aMarine mammals 615 7$aZoology 615 7$aHealth & Biological Sciences 615 7$aVertebrates 676 $a599.5091643 676 $a599.50979 700 $aAllen$b Sarah G., $4aut$4http://id.loc.gov/vocabulary/relators/aut$01487007 702 $aMortenson$b Joe, $4aut$4http://id.loc.gov/vocabulary/relators/aut 702 $aWebb$b Sophie, $4aut$4http://id.loc.gov/vocabulary/relators/aut 801 0$bDE-B1597 801 1$bDE-B1597 906 $aBOOK 912 $a9910791888203321 996 $aField Guide to Marine Mammals of the Pacific Coast$93706694 997 $aUNINA